Compendium of food additive specifications. (Record no. 11390)

000 -LEADER
fixed length control field 00727cam a22002057a 4500
020 ## - INTERNATIONAL STANDARD BOOK NUMBER
ISBN 9251052468 (pbk.)
040 ## - CATALOGING SOURCE
Transcribing agency CAR
082 04 - DEWEY DECIMAL CLASSIFICATION NUMBER
Classification number 664 FOO 2004 A036 Or.
110 2# - MAIN ENTRY--CORPORATE NAME
Corporate name or jurisdiction name as entry element Joint FAO/WHO Expert Committee on Food Additives.
245 10 - TITLE STATEMENT
Title Compendium of food additive specifications.
260 ## - PUBLICATION, DISTRIBUTION, ETC. (IMPRINT)
Place of publication Rome :
Name of publisher World Health Organization :
-- Food and Agriculture Organization of the United Nations,
Year of publication 2004.
300 ## - PHYSICAL DESCRIPTION
Number of Pages viii, 127 p. :
Other physical details ill. ;
Dimensions 30 cm.
500 ## - GENERAL NOTE
General note "TC/M/Y5777E/1/12.04/1200"--P. [4] of cover.
500 ## - GENERAL NOTE
General note Includes index.
650 #0 - SUBJECT ADDED ENTRY--TOPICAL TERM
Topical Term Food additives
650 #0 - SUBJECT ADDED ENTRY--TOPICAL TERM
Topical Term Food additives
710 2# - ADDED ENTRY--CORPORATE NAME
Corporate name or jurisdiction name as entry element World Health Organization.
710 2# - ADDED ENTRY--CORPORATE NAME
Corporate name or jurisdiction name as entry element Food and Agriculture Organization of the United Nations.
942 ## - ADDED ENTRY ELEMENTS (KOHA)
Koha item type សៀវភៅភាសាអង់គ្លេស
952 ## - LOCATION AND ITEM INFORMATION (KOHA)
Withdrawn status [LOCAL, KOHA] 0
Holdings
Permanent Location Date acquired Koha item type Lost status Shelving location Barcode Current Location Full call number
Library Block A2017-08-01សៀវភៅភាសាអង់គ្លេស A036A13200Library Block A664 FOO 2004 A036 Or.
មជ្ឈមណ្ឌលឯការនៃសាកលវិទ្យាល័យភូមិន្ទកសិកម្មចំការដូង

Powered by Koha